[Event "CHN-chT"]
[Site "Qingdao"]
[Date "2024.04.04"]
[Round "3.3"]
[White "Gong, Sunle"]
[Black "Xiu, Deshun"]
[Result "1/2-1/2"]
[WhiteElo "2117"]
[BlackElo "2510"]
[PlyCount "100"]
[EventDate "2024.04.02"]
[EventType "team-swiss"]
[EventRounds "9"]
[EventCountry "CHN"]
[SourceTitle "CB16_2024"]
[SourceDate "2024.04.17"]
[SourceVersion "1"]
[SourceVersionDate "2024.04.17"]
[SourceQuality "1"]
[WhiteTeam "Shanghai"]
[BlackTeam "Beijing"]
[WhiteTeamCountry "CHN"]
[BlackTeamCountry "CHN"]

1. d4 Nf6 2. c4 e6 3. Nc3 Bb4 4. Qc2 c5 5. dxc5 0-0 6. a3 Bxc5 7. Nf3 Nc6 8. Bg5 h6 9. Bh4 Be7 10. e3 b6 11. Be2 Bb7 12. 0-0 Rc8 13. Rfd1 Na5 14. Ne5 d6 15. b4 Qe8 16. bxa5 dxe5 17. axb6 axb6 18. Bg3 Qc6 19. Bf3 e4 20. Be2 Ba6 21. Rd4 Rfd8 22. Rxd8+ Bxd8 23. Rc1 Be7 24. a4 Ba3 25. Ra1 Bb4 26. Nb5 Rd8 27. Rd1 Rxd1+ 28. Qxd1 Qd7 29. Qc2 Qd2 30. Qxd2 Bxd2 31. Bc7 Bxb5 32. axb5 Nd7 33. c5 bxc5 34. Bc4 Bc3 35. Kf1 g5 36. Ke2 Kg7 37. Kd1 Kf6 38. Kc2 Be1 39. f3 exf3 40. gxf3 Ke7 41. Kb3 Bd2 42. Ka4 Bxe3 43. b6 Nxb6+ 44. Bxb6 Kd6 45. Kb5 h5 46. h3 f5 47. Ba7 g4 48. fxg4 fxg4 49. hxg4 hxg4 50. Be2 Bd4 1/2-1/2

[Event "Wch Blitz"]
[Site "Samarkand"]
[Date "2023.12.29"]
[Round "5"]
[White "Markov, Mikhail2"]
[Black "Xiu, Deshun"]
[Result "1-0"]
[WhiteElo "2283"]
[BlackElo "2510"]
[PlyCount "79"]
[EventDate "2023.12.29"]
[EventType "swiss (blitz)"]
[EventRounds "21"]
[EventCountry "UZB"]
[SourceTitle "CB01_2024"]
[SourceDate "2024.01.03"]
[SourceVersion "1"]
[SourceVersionDate "2024.01.03"]
[SourceQuality "1"]

1. c4 Nf6 2. Nf3 e6 3. g3 d5 4. Bg2 Be7 5. 0-0 0-0 6. d4 dxc4 7. Nbd2 b5 8. a4 c6 9. Qc2 Bb7 10. b3 cxb3 11. Nxb3 Nbd7 12. Rd1 a5 13. Nc5 Nxc5 14. dxc5 Qc8 15. e4 b4 16. Bf4 Nd7 17. Bd6 Bxd6 18. Rxd6 Nb8 19. e5 h6 20. Rad1 Ra7 21. Nd4 Ba8 22. f4 Rd7 23. f5 Rxd6 24. cxd6 exf5 25. Nxf5 Kh8 26. Nd4 Nd7 27. e6 fxe6 28. Nxe6 Rf6 29. Nf4 c5 30. Ng6+ Rxg6 31. Qxg6 Bxg2 32. Re1 Nf6 33. Re7 Qg8 34. d7 Be4 35. Qxf6 gxf6 36. Re8 f5 37. d8Q Qxe8 38. Qxe8+ Kg7 39. Qe7+ Kg6 40. Qxc5 1-0

[Event "Wch Rapid"]
[Site "Samarkand"]
[Date "2023.12.28"]
[Round "10"]
[White "Xiu, Deshun"]
[Black "Begmuratov, Khumoyun"]
[Result "1-0"]
[WhiteElo "2510"]
[BlackElo "2371"]
[PlyCount "107"]
[EventDate "2023.12.26"]
[EventType "swiss (rapid)"]
[EventRounds "13"]
[EventCountry "UZB"]
[SourceTitle "CB01_2024"]
[SourceDate "2024.01.03"]
[SourceVersion "1"]
[SourceVersionDate "2024.01.03"]
[SourceQuality "1"]

1. Nf3 Nf6 2. c4 e6 3. g3 b6 4. Bg2 Bb7 5. 0-0 Be7 6. d4 c6 7. Nc3 d5 8. Nd2 Nbd7 9. e4 dxc4 10. Nxc4 Ba6 11. b3 b5 12. Ne3 b4 13. Ne2 0-0 14. Bb2 Rc8 15. Re1 Nb6 16. Nf4 Bb5 17. Rc1 Re8 18. Nc4 Bf8 19. Qf3 Nfd7 20. Red1 Qc7 21. Nd3 Qb8 22. h4 Red8 23. h5 h6 24. Bh3 Rc7 25. Nxb6 Nxb6 26. Ne5 a5 27. Rc2 Re8 28. Bc1 Qd8 29. Bf4 Bd6 30. Rcd2 Qe7 31. Qg4 Kf8 32. Nxf7 Bxf4 33. Nh8 Kg8 34. Ng6 Qd8 35. Nxf4 Rce7 36. Ng6 Rd7 37. f4 c5 38. d5 exd5 39. exd5 Rd6 40. Ne5 c4 41. Bf1 Qc7 42. Kh2 Red8 43. bxc4 Ba4 44. Re1 Nd7 45. Nxd7 Bxd7 46. Re7 Bxg4 47. Rxc7 Bxh5 48. c5 Rf6 49. d6 Bf7 50. d7 Be6 51. c6 Bf5 52. Bh3 Bxh3 53. Kxh3 Rff8 54. Ra7 1-0

[Event "CHN-chT DivA"]
[Site "Fuling"]
[Date "2023.06.11"]
[Round "6.2"]
[White "Xiu, Deshun"]
[Black "Zhu, Hengyi"]
[Result "1/2-1/2"]
[WhiteElo "2507"]
[BlackElo "2247"]
[PlyCount "60"]
[EventDate "2023.06.05"]
[EventType "team-tourn"]
[EventRounds "11"]
[EventCountry "CHN"]
[SourceTitle "CBM 214 Extra"]
[Source "ChessBase"]
[SourceDate "2023.07.31"]
[SourceVersion "1"]
[SourceVersionDate "2023.07.31"]
[SourceQuality "1"]
[WhiteTeam "Beijing"]
[BlackTeam "Hangzhou"]
[WhiteTeamCountry "CHN"]
[BlackTeamCountry "CHN"]

1. c4 c5 2. Nf3 Nc6 3. d4 cxd4 4. Nxd4 Nf6 5. Nc3 e6 6. e4 Bb4 7. Nxc6 bxc6 8. Bd3 e5 9. 0-0 Bc5 10. Qe2 d6 11. Be3 Bg4 12. f3 Qb6 13. Bxc5 Qxc5+ 14. Qf2 Qxf2+ 15. Rxf2 Be6 16. c5 dxc5 17. Na4 c4 18. Bf1 Nd7 19. Rc1 c5 20. Bxc4 Bxc4 21. Rxc4 Nb6 22. Nxb6 axb6 23. b4 Ra4 24. Rfc2 Kd7 25. bxc5 Rxc4 26. Rxc4 Rc8 27. Kf2 bxc5 28. Ke2 Ra8 29. Rxc5 Rxa2+ 30. Kf1 Ke6 1/2-1/2

[Event "CHN-chT"]
[Site "Hangzhou"]
[Date "2023.05.21"]
[Round "3.2"]
[White "Bai, Jinshi"]
[Black "Xiu, Deshun"]
[Result "1/2-1/2"]
[WhiteElo "2557"]
[BlackElo "2514"]
[PlyCount "60"]
[EventDate "2023.05.19"]
[EventType "team-swiss"]
[EventRounds "9"]
[EventCountry "CHN"]
[SourceTitle "CBM 214 Extra"]
[Source "ChessBase"]
[SourceDate "2023.07.31"]
[SourceVersion "1"]
[SourceVersionDate "2023.07.31"]
[SourceQuality "1"]
[WhiteTeam "Hangzhou"]
[BlackTeam "Beijing"]
[WhiteTeamCountry "CHN"]
[BlackTeamCountry "CHN"]

1. Nf3 Nf6 2. g3 d5 3. Bg2 g6 4. c4 c6 5. b3 Bg7 6. Bb2 0-0 7. 0-0 Bg4 8. d3 Bxf3 9. Bxf3 e6 10. Nc3 Nbd7 11. e3 Re8 12. Qe2 Qe7 13. Bg2 h5 14. Rad1 Rad8 15. Rfe1 Nf8 16. d4 N8d7 17. Qc2 h4 18. Qe2 hxg3 19. hxg3 Nf8 20. e4 dxe4 21. Nxe4 Nxe4 22. Bxe4 Rd7 23. Bf3 Qf6 24. Bc1 Qd8 25. d5 cxd5 26. cxd5 Bc3 27. Bd2 Bxd2 28. Rxd2 Ree7 29. Qd1 exd5 30. Rxe7 Qxe7 1/2-1/2

[Event "CHN-chT"]
[Site "Nanjing"]
[Date "2023.02.14"]
[Round "1.1"]
[White "He, Ping"]
[Black "Xiu, Deshun"]
[Result "0-1"]
[WhiteElo "1868"]
[BlackElo "2524"]
[PlyCount "72"]
[EventDate "2023.02.14"]
[EventType "team-swiss"]
[EventRounds "9"]
[EventCountry "CHN"]
[SourceTitle "CBM 212 Extra"]
[Source "ChessBase"]
[SourceDate "2023.03.31"]
[SourceVersion "1"]
[SourceVersionDate "2023.03.31"]
[SourceQuality "1"]
[WhiteTeam "Hunan"]
[BlackTeam "Beijing"]
[WhiteTeamCountry "CHN"]
[BlackTeamCountry "CHN"]

1. d4 Nf6 2. c4 e6 3. Nf3 b6 4. g3 Ba6 5. Qc2 Bb7 6. Bg2 c5 7. 0-0 cxd4 8. Nxd4 Bxg2 9. Kxg2 Qc7 10. Qa4 Be7 11. f3 a6 12. e4 0-0 13. Be3 Rc8 14. Nd2 d6 15. Qd1 Nbd7 16. Rc1 Qb7 17. a4 d5 18. exd5 exd5 19. Nf5 Bf8 20. Bg5 Re8 21. Re1 h6 22. Bxf6 Nxf6 23. Qb3 Rac8 24. Rxe8 Rxe8 25. Kf1 Qd7 26. g4 Qc7 27. Re1 Qxh2 28. Rxe8 Nxe8 29. Qe3 Nf6 30. Qf2 Qh1+ 31. Ke2 dxc4 32. Qxb6 Qh2+ 33. Kd1 Nd5 34. Qd8 Qg1+ 35. Kc2 Nb4+ 36. Kc3 Qc1+ 0-1

[Event "CHN-chT"]
[Site "Daqing"]
[Date "2019.06.24"]
[Round "6.3"]
[White "Xiu, Deshun"]
[Black "Zhao, Chenxi"]
[Result "1-0"]
[WhiteElo "2538"]
[BlackElo "2383"]
[PlyCount "87"]
[EventDate "2019.06.19"]
[EventType "team-swiss"]
[EventRounds "9"]
[EventCountry "CHN"]
[SourceTitle "CBM 191 Extra"]
[Source "ChessBase"]
[SourceDate "2019.09.30"]
[SourceVersion "1"]
[SourceVersionDate "2019.09.30"]
[SourceQuality "1"]
[WhiteTeam "Beijing"]
[BlackTeam "Guangdong"]
[WhiteTeamCountry "CHN"]
[BlackTeamCountry "CHN"]

1. d4 Nf6 2. c4 g6 3. Nc3 Bg7 4. e4 d6 5. h3 0-0 6. Nf3 e5 7. d5 Nh5 8. g3 c5 9. Be2 Qe7 10. Nh2 Nf6 11. g4 Ne8 12. Rg1 Kh8 13. Be3 f5 14. gxf5 gxf5 15. exf5 Bxf5 16. Bg4 Nd7 17. Bxf5 Rxf5 18. Qg4 Rf8 19. 0-0-0 Nef6 20. Qe6 Rae8 21. Qxe7 Rxe7 22. Nf3 Rg8 23. Nb5 Ne8 24. Nxa7 Nc7 25. Nb5 Nxb5 26. cxb5 Ra8 27. Kb1 e4 28. Ng5 Nb6 29. Rg4 Ra4 30. Ne6 Bf6 31. b3 Rb4 32. Rdg1 Re8 33. Ng5 Bxg5 34. Rxg5 Nc4 35. Bc1 Rxb5 36. R5g4 Ne5 37. Rxe4 Rg8 38. Rd1 Rf8 39. Bb2 Rb4 40. Rxb4 cxb4 41. Bxe5+ dxe5 42. d6 Rd8 43. Rd5 Kg8 44. Kc2 1-0